1138 1016 1296 1794 1994 1228 1636 1745 1345 1073 1268 1887 1038 1027 1609 1838 1363 1851 1943 1171 1419 1570 1938 1676 1211 1696 1888 1398 1790 1367 1428 1144 1059 1450 1640 1939 1019 1114 1823 1241 1540 1514 1519 1353 1338 1707 1926 1557 1848 1988 1629 1546 1435 1606 1450 1292 1784 1417 1718 1612 1491 1822 1170 1401 1386 1504 1314 1663 1710 1006 1116 1149 1104 1203 1338 1878 1133 1245 1078 1321 1034 1479 1876 1097 1412 1746 1403 1429 1462 1330 1447 1629 1907 1885 1520 1450 1031 1903 1071 BCNSPRNW ULIB Ver.6.0+V

เปลี่ยนเป็นภาษาไทย

Change to English
 แสดงรายละเอียดบรรณานุกรม
  กลับหน้าหลัก

Brief Record : Get Marc (ISO 2709) : E-mail record : QR code < ปิดหน้าต่าง
LEADER : 00000nam 2200000uu 4500
001    13399115207
003     ULIB
008    120730s2553||||th 000 0 tha d
020    ^a9789744012548
060 04 ^aWY20.5^bบ418ร
100 0  ^aบุญใจ ศรีสถิตย์นรากูร
245 10 ^aระเบียบวิธีการวิจัยทางพยาบาลศาสตร์ =^bThe methodology innursing research /^cบุญใจ ศรีสถิตย์นรากูร
246 31 ^aThe methodology in nursing research
250    ^aพิมพ์ครั้งที่ 5
260    ^aกรุงเทพฯ :^bคณะพยาบาลศาสตร์ จุฬาลงกรณ์มหาวิทยาลัย,^c2553
300    ^a568 หน้า :^bภาพประกอบ ;^c26 ซม.
650  7 ^aการพยาบาล^xวิจัย^xวิธีวิทยา
650  7 ^aการพยาบาล^xการศึกษาและการสอน
650  7 ^aวิจัย
710 2  ^aจุฬาลงกรณ์มหาวิทยาลัย. ^bคณะพยาบาลศาสตร์
945    ^p400^l0^i032154
945    ^p400^l0^i028626
945    ^p400^l0^i028659
995    ^aเกษร
999    ^aใช้งานได้ทุกระบบ
รายการนี้ยังไม่มีแท็ก
คุณยังไม่ได้ล็อกอิน คุณสามารถมีกิจกรรมร่วมกับเว็บไซต์ได้ แต่ต้องล็อกอินก่อน ::
  ล็อกอิน

รายการสื่อสารสนเทศ

ลำดับที่ ประเภท เลขเรียก/บาร์โค้ด สถานที่ สถานะ
1. วิทยาศาสตร์การแพทย์ และสุขภาพ
วิทยาศาสตร์การแพทย์ และสุขภาพ
WY20.5 บ418ร ฉ.2 
  Barcode: 028626
ห้องสมุดวิทยาเขตสวรรค์ประชารักษ์
►นวนิยาย
บนชั้น
  ขอยืม

รายการใกล้เคียง
    ผู้แต่ง [บุญใจ ศรีสถิตย์นรากูร]

    หัวเรื่อง [วิจัย]

BibComment


ยังไม่เคยถูกคอมเมนท์

คอมเมนท์ทรัพยากรรายการนี้
  คอมเมนท์: ระเบียบวิธีการวิ..


 Copyright 2026. Bcnsprnw @Library